[Event "Championnat de France 2022"]
[Site "ALBI, France"]
[Date "2022.08.13"]
[Round "1.1"]
[White "Cassam-Chenai, Antoine"]
[Black "Rabineau, Clement"]
[Result "1-0"]
[WhiteElo "2047"]
[BlackElo "2193"]
[PlyCount "56"]
[EventDate "2022.??.??"]

1. e4 d6 {32} 2. d4 {9} g6 {5} 3. Nc3 {31} Bg7 {7} 4. Be3 {7} a6 {14} 5. Qd2 {
10} Nd7 {16} 6. h4 {62} h6 {538} 7. O-O-O {44} b5 {78} 8. f3 {78} Bb7 {105} 9.
Kb1 {320} Rc8 {128} 10. Nh3 {584} c5 {186} 11. dxc5 {47} Nxc5 {10} 12. Bd4 {13}
Nf6 {614} 13. Nd5 {271} Bxd5 {470} 14. exd5 {2} Qc7 {446} 15. g4 {273} Na4 {515
} 16. Bd3 {824} O-O {1653} 17. Nf4 {308} Ne8 {743} 18. Bxg7 {62} Nxg7 {27} 19.
Nxg6 {491} fxg6 {6} 20. Qxh6 {9} Rf6 {16} 21. h5 {314} Nc3+ {245} 22. bxc3 Qxc3
{101} 23. hxg6 {132} Qb4+ {40} 24. Kc1 {7} Qa3+ {96} 25. Kd2 {6} Qc3+ {42} 26.
Ke2 {21} Qe5+ {30} 27. Be4 {150} Rxc2+ {38} 28. Kf1 {15} Nh5 {91} 1-0

[Event "Championnat de France 2022"]
[Site "ALBI, France"]
[Date "2022.08.13"]
[Round "1.2"]
[White "Entem, Alan"]
[Black "John, Lewis"]
[Result "1/2-1/2"]
[WhiteElo "2193"]
[BlackElo "2047"]
[PlyCount "37"]
[EventDate "2022.??.??"]

1. e4 {3} c5 {11} 2. Nf3 {14} Nc6 {13} 3. d4 {12} cxd4 {10} 4. Nxd4 {5} Nf6 {17
} 5. Nc3 {20} d6 {47} 6. Bg5 {132} Bd7 {54} 7. Qd2 {71} Rc8 {38} 8. Be2 {505}
Nxd4 {315} 9. Qxd4 {67} Qa5 {35} 10. f4 {134} Qc5 {267} 11. O-O-O {788} h6 {652
} 12. Bxf6 {922} gxf6 {5} 13. Qxc5 {386} Rxc5 {22} 14. f5 {214} e6 {536} 15.
Bh5 {132} Bc6 {693} 16. Rhe1 {35} Be7 {67} 17. Bg4 {837} Re5 {440} 18. fxe6 {
672} fxe6 {16} 19. Re2 {196} 1/2-1/2

[Event "Championnat de France 2022"]
[Site "ALBI, France"]
[Date "2022.08.13"]
[Round "1.3"]
[White "Auffray-Bonnet, Gaspard"]
[Black "Pourquet, Matthieu"]
[Result "0-1"]
[WhiteElo "2046"]
[BlackElo "2190"]
[PlyCount "62"]
[EventDate "2022.??.??"]

1. e4 {3} g6 {18} 2. d4 {7} Bg7 {17} 3. Nc3 {40} d6 {5} 4. Be3 {44} a6 {17} 5.
Qd2 {22} b5 {38} 6. f3 {124} Nf6 {37} 7. g4 {115} h5 {59} 8. g5 {27} Nfd7 {6}
9. O-O-O {254} b4 {471} 10. Nd5 {856} a5 {59} 11. Bf2 {547} e6 {337} 12. Ne3 {5
} Qxg5 {35} 13. f4 {613} Qxf4 {270} 14. Nh3 {57} Qf6 {37} 15. Bg2 {92} e5 {1273
} 16. Nd5 {1147} Qd8 {130} 17. Qe1 {47} c6 {586} 18. Ne3 {1061} Ba6 {164} 19.
dxe5 {104} Bxe5 {588} 20. Bh4 {10} Qb6 {40} 21. Kb1 {104} Nc5 {182} 22. Ng5 {
109} Na4 {229} 23. Qf2 {19} O-O {34} 24. Qf3 {225} Be2 {387} 25. Qh3 {96} Nc3+
{99} 26. Ka1 {10} Nxd1 {35} 27. Nf5 {17} Nxb2 {227} 28. Nh6+ {8} Kg7 {5} 29.
Nf5+ {62} Kh8 {7} 30. Nf3 {41} Bxf3 {239} 31. Qxf3 {7} Nc4+ {7} 0-1

[Event "Championnat de France 2022"]
[Site "ALBI, France"]
[Date "2022.08.13"]
[Round "1.4"]
[White "Devallee, Jeremie"]
[Black "Lesueur, Gabriel"]
[Result "1-0"]
[WhiteElo "2188"]
[BlackElo "2048"]
[PlyCount "61"]
[EventDate "2022.??.??"]

1. e4 {2} e6 {8} 2. d4 {49} d5 {5} 3. e5 {4} c5 {78} 4. c3 {3} Nc6 {3} 5. Nf3 {
6} Bd7 {5} 6. Be2 {4} Nge7 {60} 7. O-O {9} Nf5 {121} 8. dxc5 {8} Bxc5 {103} 9.
Bd3 {3} Nh4 {1061} 10. Nbd2 {3} Ng6 {228} 11. Nb3 {2} Bb6 {9} 12. Re1 {7} f6 {
605} 13. exf6 {132} Qxf6 {142} 14. Bg5 {41} Qf7 {31} 15. Bxg6 {41} hxg6 {734}
16. Qxd5 {236} O-O {645} 17. Qe4 {175} Ne7 {818} 18. Nbd4 {482} Rae8 {431} 19.
Be3 {209} Bxd4 {473} 20. Qxd4 {75} Nf5 {40} 21. Qxa7 {10} e5 {149} 22. Bc5 {167
} Bc6 {73} 23. Bxf8 {143} Bxf3 {19} 24. gxf3 {68} Nh4 {5} 25. Qa4 {261} Nxf3+ {
79} 26. Kg2 {10} Nxe1+ {261} 27. Rxe1 {3} Qd5+ {28} 28. Qe4 {14} Qxe4+ {16} 29.
Rxe4 {2} Kxf8 30. Rb4 {152} Re7 {45} 31. Kf3 {4} 1-0

[Event "Championnat de France 2022"]
[Site "ALBI, France"]
[Date "2022.08.13"]
[Round "1.5"]
[White "Garrido, Mihai"]
[Black "Favarel, Camille"]
[Result "1-0"]
[WhiteElo "2044"]
[BlackElo "2163"]
[PlyCount "51"]
[EventDate "2022.??.??"]

1. e4 {2} c6 {7} 2. d4 {6} d5 {4} 3. exd5 {5} cxd5 {5} 4. Bd3 {4} Nc6 {10} 5.
c3 {5} Qc7 {5} 6. Ne2 {6} Bg4 {65} 7. O-O {7} e6 {77} 8. Qe1 {29} Bd6 {123} 9.
f3 {20} Bf5 {1455} 10. Bxf5 {56} exf5 11. Nf4+ {736} Kd7 {37} 12. Nxd5 {195}
Bxh2+ {16} 13. Kh1 {2} Qg3 {43} 14. Bf4 {465} Qxe1 {7} 15. Rxe1 {1} Bxf4 {8}
16. Nxf4 {2} h5 {751} 17. Nd2 {783} Re8 {2058} 18. Rxe8 {142} Kxe8 19. d5 {25}
Nd8 {191} 20. Re1+ {347} Kd7 {14} 21. Nc4 {25} Nf6 {106} 22. Ne5+ {247} Kc7 {
116} 23. Nxf7 {955} Rg8 {235} 24. c4 {501} a5 {106} 25. Re7+ {97} Nd7 {309} 26.
Ne6+ {56} 1-0

[Event "Championnat de France 2022"]
[Site "ALBI, France"]
[Date "2022.08.14"]
[Round "2.1"]
[White "Pourquet, Matthieu"]
[Black "Aubry, Benjamin"]
[Result "1/2-1/2"]
[WhiteElo "2190"]
[BlackElo "2083"]
[PlyCount "77"]
[EventDate "2022.??.??"]

1. d4 {217} d5 {203} 2. c4 {19} c6 {11} 3. Nf3 {66} Nf6 {20} 4. e3 {5} e6 {6}
5. b3 {9} Nbd7 {1352} 6. Bd3 {46} Bd6 {33} 7. Bb2 {9} O-O {30} 8. Nbd2 {12} Qe7
{66} 9. O-O {25} e5 {1271} 10. e4 {864} exd4 {652} 11. exd5 {226} c5 {243} 12.
Re1 {195} Qd8 {3} 13. Qc2 {5} Qc7 {17} 14. b4 {992} b6 {196} 15. b5 {360} a5 {
507} 16. Re2 {412} h6 {371} 17. Rae1 {352} Bb7 {183} 18. Nf1 {415} Rae8 {152}
19. Ng3 {131} Bc8 {86} 20. Bh7+ {323} Kh8 {17} 21. Bf5 {4} Kg8 {221} 22. Bc1 {
125} Rxe2 {221} 23. Rxe2 {166} Ne5 {87} 24. Nxe5 {23} Bxe5 {6} 25. Bxc8 {89}
Rxc8 {6} 26. Qf5 {5} Re8 {53} 27. Kf1 {370} Bxg3 {120} 28. Rxe8+ {78} Nxe8 {6}
29. hxg3 {10} Nd6 {87} 30. Bf4 {48} Qe7 {19} 31. Bxd6 {664} Qxd6 {3} 32. Qc8+ {
10} Kh7 {5} 33. Qf5+ {5} Qg6 {117} 34. Qxg6+ {82} Kxg6 {5} 35. Ke2 {23} Kf6 {7}
36. Kd3 {46} Ke5 {12} 37. f4+ {24} Kd6 {8} 38. g4 {30} g6 {20} 39. Ke4 {62}
1/2-1/2

[Event "Championnat de France 2022"]
[Site "ALBI, France"]
[Date "2022.08.14"]
[Round "2.2"]
[White "Frantz, Nicolas"]
[Black "Devallee, Jeremy"]
[Result "0-1"]
[WhiteElo "2087"]
[BlackElo "2186"]
[PlyCount "58"]
[EventDate "2022.??.??"]

1. e4 {3} c5 {4} 2. Nf3 {6} d6 {21} 3. Bb5+ {5} Nc6 {180} 4. O-O {27} Bd7 {42}
5. Re1 {7} a6 {105} 6. Bxc6 {37} Bxc6 {21} 7. d4 {8} cxd4 {309} 8. Nxd4 {26}
Nf6 {84} 9. Nxc6 {103} bxc6 {168} 10. Qf3 {68} e5 {860} 11. Nd2 {167} Be7 {207}
12. Nc4 {192} O-O {23} 13. Bg5 {371} d5 {863} 14. Bxf6 {1112} Bxf6 {300} 15.
exd5 {126} e4 {19} 16. Qe3 {669} cxd5 {10} 17. Rad1 {221} Rb8 {25} 18. b3 {217}
Re8 {64} 19. Qc5 {547} Rb5 {69} 20. Qa3 {145} Qb8 {211} 21. Ne3 {55} Bc3 {19}
22. Re2 {92} Ra5 {184} 23. Qc1 {42} d4 {97} 24. Nc4 {45} Rxa2 {91} 25. Qg5 {19}
d3 {22} 26. Re3 {100} dxc2 {554} 27. Rc1 {183} Rd8 {32} 28. Rf1 {180} Bf6 {135}
29. Qg4 {33} Rd1 {48} 0-1

[Event "Championnat de France 2022"]
[Site "ALBI, France"]
[Date "2022.08.14"]
[Round "2.3"]
[White "Saya, Ethan"]
[Black "Lam, Sophie"]
[Result "1-0"]
[WhiteElo "2146"]
[BlackElo "2055"]
[PlyCount "81"]
[EventDate "2022.??.??"]

1. e4 {4} c5 {10} 2. Nf3 {7} Nc6 {14} 3. d4 {10} cxd4 {12} 4. Nxd4 {7} g6 {50}
5. c4 {16} Bg7 {6} 6. Be3 {12} Nf6 {38} 7. Nc3 O-O {72} 8. Be2 {50} d6 {78} 9.
O-O {20} Bd7 {17} 10. Nc2 {262} a5 {1388} 11. f3 {252} a4 {190} 12. Qd2 {344}
Qa5 {1359} 13. Rac1 {279} Rfc8 {513} 14. Rfd1 {246} Be6 {779} 15. Nd5 {397}
Bxd5 {321} 16. cxd5 {64} Qxd2 {116} 17. Bxd2 {25} Ne5 {434} 18. Ne3 {116} Ned7
{119} 19. Bb5 {161} Nc5 {31} 20. Bb4 {126} Bh6 {79} 21. Re1 {533} Nfd7 {66} 22.
Kf2 {99} Ne5 {147} 23. Ke2 {37} Na6 {239} 24. Bd2 {233} Nc7 {59} 25. Bd3 {121}
Nxd3 {29} 26. Kxd3 {2} Bxe3 {32} 27. Bxe3 {83} Na6 {5} 28. a3 {85} Kf8 {27} 29.
Bb6 {333} Ke8 {51} 30. h4 h5 {50} 31. g4 {6} hxg4 {19} 32. fxg4 {1} Kd7 {19}
33. Rxc8 {60} Rxc8 {11} 34. h5 {13} Ke8 {61} 35. Bd4 {83} gxh5 {37} 36. gxh5 {7
} f6 {4} 37. h6 {71} Kf7 {40} 38. Rh1 Kg8 {44} 39. Rg1+ {23} Kh8 {40} 40. Rg7
Re8 {25} 41. Rxe7 {27} 1-0

[Event "Championnat de France 2022"]
[Site "ALBI, France"]
[Date "2022.08.14"]
[Round "2.4"]
[White "Trabet, Mathis"]
[Black "Schmitt, Vincent"]
[Result "1-0"]
[WhiteElo "2066"]
[BlackElo "2146"]
[PlyCount "129"]
[EventDate "2022.??.??"]

1. e4 {1} e5 {122} 2. Nf3 {7} Nc6 {8} 3. d4 {6} exd4 {3} 4. Nxd4 {7} Nf6 {4} 5.
Nxc6 {8} bxc6 {3} 6. e5 {9} Qe7 {4} 7. Qe2 {4} Nd5 {6} 8. c4 {7} Ba6 {3} 9. h4
{6} g6 {561} 10. Bg5 {1083} Qb4+ {538} 11. Nd2 {68} Qxb2 {189} 12. Rb1 {41}
Qxa2 {113} 13. Rh3 {1795} Bb4 {945} 14. Rhb3 {102} h6 {683} 15. R3b2 {801} Qa5
{269} 16. Bf6 {82} O-O {108} 17. Rxb4 {340} Nxb4 {123} 18. Nb3 {3} Qa2 {267}
19. Rb2 {607} Nd3+ {75} 20. Qxd3 {21} Qxb2 {3} 21. h5 {35} Rab8 {1210} 22. hxg6
{107} Bxc4 {49} 23. gxf7+ {64} Rxf7 {45} 24. Qg6+ {259} Kf8 {4} 25. Bxc4 {150}
Qc3+ {233} 26. Nd2 {13} d5 {15} 27. Qxh6+ {35} Ke8 {2} 28. Qh8+ {61} Rf8 {201}
29. Qg7 {68} Rxf6 {285} 30. Qxf6 {202} Rb2 {131} 31. Qxc6+ {38} Kf8 {67} 32.
Qf6+ {13} Ke8 {3} 33. Qh8+ {146} Ke7 {56} 34. Qg7+ {27} Kd8 {46} 35. Qf8+ {67}
Kd7 36. Qf7+ {11} Kc6 {62} 37. Qxd5+ {47} Kb6 38. Be2 {80} Rb1+ {95} 39. Bd1 {8
} Rb5 {14} 40. Qe6+ {91} c6 {1} 41. Qd6 {466} Rd5 {697} 42. Qb8+ {64} Ka5 {70}
43. Qxa7+ {219} Kb4 {3} 44. Qa4+ {310} Kc5 {6} 45. Qc2 {75} Rxe5+ {156} 46. Kf1
{48} Qxc2 {49} 47. Bxc2 {1} Re8 {28} 48. Be4 {73} Re6 {39} 49. f4 {173} Kd4 {3}
50. f5 {10} Rh6 {64} 51. Ke2 {89} c5 {2} 52. Bd3 {136} Rb6 {79} 53. Nf3+ {87}
Kd5 {18} 54. Ke3 {39} Rb3 {52} 55. Nd2 {24} Ra3 {28} 56. g4 {52} Rc3 {41} 57.
Nc4 {145} Rc1 {38} 58. Be2 {24} Rg1 {35} 59. Kf4 {86} Re1 {2} 60. Ne3+ {11} Kd6
{12} 61. Bc4 {29} Ke7 {2} 62. g5 {51} Kf8 {8} 63. f6 {43} Rg1 {11} 64. Ng4 {56}
Rc1 {46} 65. Ne5 {8} 1-0

[Event "Championnat de France 2022"]
[Site "ALBI, France"]
[Date "2022.08.14"]
[Round "2.5"]
[White "Arnaud, Aurelien"]
[Black "Baroyan, Davit"]
[Result "1/2-1/2"]
[WhiteElo "2054"]
[BlackElo "2144"]
[PlyCount "87"]
[EventDate "2022.??.??"]

1. d4 {3} d5 {6} 2. c4 {14} e6 {8} 3. Nf3 {36} c6 {19} 4. e3 {44} Bd6 {19} 5.
b3 {66} f5 {50} 6. Bd3 {107} Nf6 7. O-O {51} Qe7 {103} 8. Bb2 {117} O-O {36} 9.
Nc3 {44} Ne4 {652} 10. Rc1 {78} Nd7 {237} 11. Ne2 {110} Qf6 {330} 12. Nf4 {966}
g5 {753} 13. Nh5 {117} Qh6 {277} 14. Ne5 {345} g4 {1354} 15. Nf4 {693} Ng5 {497
} 16. Be2 {523} Qg7 {287} 17. Nfd3 {318} Nf7 {97} 18. Nxf7 {555} Rxf7 {55} 19.
b4 {136} Rf6 {219} 20. g3 {500} dxc4 {511} 21. Nc5 {28} Rh6 {263} 22. Bxc4 {79}
Nb6 {41} 23. Qe2 {227} Qg5 {94} 24. e4 {96} f4 {34} 25. e5 {259} f3 {61} 26.
Qe3 {84} Qh5 {122} 27. h4 {5} Be7 {3} 28. Ne4 {15} Nd5 {68} 29. Bxd5 {132} exd5
{9} 30. Nf6+ {72} Bxf6 {6} 31. exf6 {6} Rxf6 {40} 32. Rfe1 {125} Be6 33. b5 {22
} cxb5 {40} 34. Rc7 {11} Re8 {25} 35. Ba3 {340} Rf7 {30} 36. Rxf7 {48} Bxf7 {16
} 37. Qc1 {110} Qg6 {43} 38. Re5 {96} Rxe5 {37} 39. dxe5 {7} Qe6 {30} 40. Qg5+
{41} Qg6 {31} 41. Qd8+ {24} Be8 {10} 42. Qxd5+ {27} Bf7 {827} 43. Qd8+ {269}
Be8 {3} 44. Qd5+ {25} 1/2-1/2

[Event "Championnat de France 2022"]
[Site "ALBI, France"]
[Date "2022.08.15"]
[Round "3.1"]
[White "Devallee, Jeremy"]
[Black "Schneider, Mano"]
[Result "1-0"]
[WhiteElo "2186"]
[BlackElo "2103"]
[PlyCount "81"]
[EventDate "2022.??.??"]

1. e4 {6} e5 {8} 2. Nf3 {16} Nc6 {3} 3. d4 {6} exd4 {6} 4. Bc4 {4} Nf6 {34} 5.
e5 {6} d5 {24} 6. Bb5 {3} Ne4 {5} 7. Nxd4 {12} Bd7 {4} 8. Bxc6 {6} bxc6 {5} 9.
O-O {22} Bc5 {5} 10. f3 {4} Ng5 {4} 11. Be3 {5} Bb6 {43} 12. f4 {6} Ne4 {4} 13.
Nd2 {129} Nxd2 {50} 14. Qxd2 {2} c5 {13} 15. Nf3 {37} d4 {7} 16. Bf2 {5} Bc6 {8
} 17. Bh4 {5} Qd7 {116} 18. c4 {1040} dxc3 {583} 19. Qxc3 {396} O-O {193} 20.
Bf2 {113} Bb5 {289} 21. Rfe1 {1352} Qg4 {486} 22. a4 {38} Bc6 {282} 23. a5 {53}
Qxf4 {76} 24. axb6 {168} axb6 {21} 25. Bg3 {182} Qg4 {85} 26. e6 {817} Rxa1 {
329} 27. exf7+ {18} Rxf7 {52} 28. Rxa1 {2} Bxf3 {107} 29. gxf3 {3} Rxf3 {43}
30. Ra8+ {129} Kf7 {72} 31. Qe5 {292} Rf5 {395} 32. Qxc7+ {150} Kg6 {89} 33.
Qd6+ {95} Kh5 {91} 34. Ra1 {113} Qe4 {247} 35. Re1 {27} Qc4 {42} 36. Qd2 {135}
Kg6 {122} 37. Qe2 {31} Qd4+ {59} 38. Kh1 {17} Qd5+ {217} 39. Qg2 {9} Qb3 {55}
40. Be5+ {169} Rg5 {184} 41. Qe4+ {125} 1-0

[Event "Championnat de France 2022"]
[Site "ALBI, France"]
[Date "2022.08.15"]
[Round "3.2"]
[White "Bosc, Seraphina"]
[Black "Saya, Ethan"]
[Result "0-1"]
[WhiteElo "2107"]
[BlackElo "2146"]
[PlyCount "106"]
[EventDate "2022.??.??"]

1. b3 {155} e5 {206} 2. Bb2 {5} Nc6 {9} 3. c4 {29} g6 {100} 4. Nf3 {14} Bg7 {29
} 5. e3 {27} Nge7 {172} 6. Be2 {161} O-O {30} 7. Nc3 {59} d5 {326} 8. cxd5 {53}
Nxd5 {526} 9. Nxd5 {103} Qxd5 {12} 10. Bc4 {17} Qd6 {156} 11. Ng5 {1064} Bf5 {
677} 12. e4 {969} Bd7 {321} 13. Qf3 {239} Qe7 {570} 14. Qg3 {239} Na5 {677} 15.
Bd5 {302} c6 {46} 16. Bxf7+ {55} Rxf7 {35} 17. Nxf7 {6} Kxf7 {186} 18. O-O {92}
Kg8 {247} 19. h4 {335} c5 {47} 20. Bc3 {245} Nc6 {296} 21. Rae1 {18} Nd4 {170}
22. Bxd4 {146} cxd4 {42} 23. Rc1 {26} Bc6 {22} 24. Qg4 {89} Rf8 {173} 25. g3 {
13} Bb5 {136} 26. Rfe1 {87} Qf7 {19} 27. f4 {233} exf4 {61} 28. Rc8 fxg3 {274}
29. Rxf8+ {11} Bxf8 {8} 30. Qxg3 {15} Bh6 {219} 31. Qb8+ {131} Qe8 {21} 32.
Qxe8+ {43} Bxe8 {2} 33. d3 {13} Kf7 {63} 34. Rf1+ {23} Ke7 {30} 35. Kf2 {51}
Bd7 {18} 36. Kg3 {193} Be3 {35} 37. a4 {57} h5 {11} 38. Rb1 {67} Bg4 {71} 39.
b4 {22} Be2 {10} 40. Rb3 {9} Bd1 {24} 41. Ra3 {12} Bd2 {80} 42. Ra1 {37} Bc2 {
105} 43. Kf3 {71} Bc3 {16} 44. Rg1 {17} Kf7 {83} 45. Ke2 {15} Bxa4 {8} 46. Rb1
{222} a6 {37} 47. Rf1+ {18} Ke7 {14} 48. Rg1 {18} Be8 {3} 49. Kd1 {96} Bxb4 {18
} 50. Kc2 {3} a5 {40} 51. e5 {55} Bf7 {20} 52. e6 {11} Kxe6 {11} 53. Rg5 {20}
b6 {40} 0-1

[Event "Championnat de France 2022"]
[Site "ALBI, France"]
[Date "2022.08.15"]
[Round "3.3"]
[White "Laronche, Thomas"]
[Black "Amoyal, Pierre"]
[Result "1-0"]
[WhiteElo "2129"]
[BlackElo "2100"]
[PlyCount "97"]
[EventDate "2022.??.??"]

1. b4 {3} Nf6 {303} 2. Bb2 {60} e6 {57} 3. b5 {30} a6 {427} 4. a4 {88} axb5 {40
} 5. axb5 {15} Rxa1 {7} 6. Bxa1 {4} d5 {50} 7. e3 {167} c5 {82} 8. bxc6 {173}
bxc6 {47} 9. Nf3 {130} Be7 {55} 10. Be2 {126} O-O {47} 11. O-O {4} c5 {114} 12.
c4 {362} Nc6 {177} 13. Ne5 {504} Nxe5 {867} 14. Bxe5 {35} Nd7 {33} 15. Bc3 {764
} Bf6 {496} 16. cxd5 {243} exd5 {14} 17. Bxf6 {145} Nxf6 {106} 18. Qc2 {167} c4
{99} 19. Nc3 {539} Be6 {382} 20. Nb5 {773} Qb6 {63} 21. Nd4 {5} Rb8 {25} 22.
Ra1 {287} g6 {163} 23. h3 {419} Bd7 {197} 24. d3 {59} cxd3 {79} 25. Bxd3 {40}
Kg7 {68} 26. Qc3 {159} Qb2 {95} 27. Qa5 {144} Rc8 {79} 28. Rb1 {214} Rc1+ {28}
29. Rxc1 {26} Qxc1+ {6} 30. Kh2 {29} Qb2 {140} 31. Qe1 {151} h5 {25} 32. Kg1 {
30} Ne8 {210} 33. Be2 {65} Nf6 {200} 34. Bf3 {6} g5 {51} 35. Be2 {185} g4 {32}
36. h4 {36} Ne4 {44} 37. g3 {97} Nd2 {203} 38. Bd3 {59} Ba4 {132} 39. Kg2 {55}
Qc3 {205} 40. Be2 {138} Qb2 {138} 41. Bd3 {74} Qc3 {83} 42. Bf5 {363} Kf6 {107}
43. Qe2 {61} Qc1 {109} 44. Qa6+ {275} Ke5 {199} 45. Bd3 {550} Nf3 {163} 46. Bf1
{69} Nd2 {255} 47. Be2 {98} Bd1 {43} 48. Qh6 {46} Bxe2 {39} 49. Qf4# {8} 1-0

[Event "Championnat de France 2022"]
[Site "ALBI, France"]
[Date "2022.08.15"]
[Round "3.4"]
[White "Breuil, Tristan"]
[Black "Denjoy, Arnaud"]
[Result "1-0"]
[WhiteElo "2101"]
[BlackElo "2128"]
[PlyCount "127"]
[EventDate "2022.??.??"]

1. e4 {2} e6 {245} 2. d4 {5} d5 {4} 3. Nd2 {9} c5 {14} 4. exd5 {13} exd5 {4} 5.
dxc5 {265} Bxc5 {52} 6. Nb3 {30} Bb6 {42} 7. Nf3 {238} Nf6 {26} 8. Be2 {369}
O-O {27} 9. O-O {47} Nc6 {27} 10. c3 {306} Re8 {171} 11. Nfd4 {376} a6 {567}
12. Bf4 {169} Ne4 {101} 13. Bg4 {681} Qf6 {292} 14. Be3 {568} Bc7 {613} 15.
Bxc8 {176} Raxc8 {40} 16. Nf3 {20} Qf5 {187} 17. Nh4 {180} Qe5 {205} 18. g3 {
142} Qe6 {398} 19. Kg2 {728} Ne5 {359} 20. Nd4 {178} Qd7 {325} 21. Re1 {540}
Nc4 {202} 22. Ndf5 {191} g6 {522} 23. Nh6+ Kg7 {50} 24. Ng4 {307} h5 {459} 25.
Bh6+ {180} Kh7 {132} 26. Rxe4 {10} hxg4 {129} 27. Rxc4 {17} Kxh6 {21} 28. Rxg4
{105} Re5 {166} 29. Qd4 {111} Rce8 {34} 30. Nf3 {31} Rh5 {111} 31. Re1 {52} Bb6
{337} 32. Qf6 {146} Bd8 {8} 33. Qd4 {17} Kh7 {99} 34. Rxe8 {56} Qxe8 {2} 35.
Rf4 {28} Qe6 {46} 36. g4 {30} Rh6 {76} 37. h4 Kg8 {87} 38. g5 {16} Rh7 {19} 39.
Qe3 {41} Qxe3 {93} 40. fxe3 {2} Bb6 {161} 41. e4 {256} Bc7 {103} 42. e5 {574}
Kf8 {7} 43. Rd4 {30} Ke7 {6} 44. Rxd5 {14} Rh8 {22} 45. c4 {42} Rb8 {379} 46.
a4 {49} Rc8 {161} 47. b3 {27} Bb6 {10} 48. Nd2 {234} Ba7 {79} 49. Kg3 {143} Bb8
{213} 50. Ne4 {87} b6 {171} 51. a5 {318} Rc6 52. Kf4 {13} Bc7 {314} 53. axb6 {
28} Bxb6 {1} 54. Rd6 {21} Rxd6 {14} 55. exd6+ {7} Ke6 {12} 56. c5 {18} Bd8 57.
Nf6 {40} a5 {19} 58. Ke4 {27} a4 {6} 59. bxa4 {10} Ba5 60. d7 {39} Ke7 {4} 61.
Kd5 {7} Be1 {22} 62. c6 {8} Kd8 {14} 63. Ne4 {40} Bxh4 {66} 64. Nd6 {14} 1-0

[Event "Championnat de France 2022"]
[Site "ALBI, France"]
[Date "2022.08.15"]
[Round "3.5"]
[White "Nicolas, Guillaume"]
[Black "Zounani, Yacine"]
[Result "1/2-1/2"]
[WhiteElo "2085"]
[BlackElo "2125"]
[PlyCount "89"]
[EventDate "2022.??.??"]

1. e4 {2} e6 {8} 2. d4 {10} d5 {6} 3. e5 {20} c5 {6} 4. c3 {4} Qb6 {18} 5. Nf3
{13} Nc6 {14} 6. Bd3 {36} cxd4 {18} 7. O-O {43} Bd7 {51} 8. Re1 {7} Nge7 {298}
9. h4 {75} h6 {229} 10. h5 {30} Rc8 {315} 11. Nbd2 {489} dxc3 {1042} 12. bxc3 {
8} Qc7 {343} 13. Rb1 {706} Na5 {185} 14. c4 {2009} dxc4 {520} 15. Bc2 {66} Nd5
{174} 16. Ne4 {69} b5 {365} 17. Be3 {376} a6 {205} 18. Bd4 {192} Nb7 {224} 19.
Nfd2 {462} Rd8 {509} 20. Qg4 {385} Bc6 {108} 21. Rbd1 {135} Nb4 {211} 22. Nd6+
{69} Nxd6 {61} 23. exd6 {6} Rxd6 {434} 24. Bb1 {175} Qd7 {191} 25. Bc5 {233}
Rd5 {29} 26. Ne4 {199} Nd3 {276} 27. Bxd3 {88} Rxd3 {1} 28. Bxf8 {26} Rxf8 {155
} 29. Nc5 {57} Rxd1 {17} 30. Rxd1 {2} Qe7 {57} 31. Nxa6 {70} f5 {93} 32. Qd4 {
103} Kf7 {61} 33. Qb6 {113} Bd5 {89} 34. Nc7 {120} Rd8 {40} 35. Nxd5 {61} Rxd5
{23} 36. Rxd5 {5} exd5 {5} 37. Qxb5 {52} Qe1+ {43} 38. Kh2 {4} Qe5+ {7} 39. g3
{62} c3 {32} 40. Qd3 {48} d4 {55} 41. Qc4+ {153} Ke7 {289} 42. a4 {264} Kd6 {50
} 43. Qa6+ {329} Kd5 {195} 44. Qb5+ {38} Kd6 {102} 45. Qb8+ {74} 1/2-1/2

[Event "Championnat de France 2022"]
[Site "ALBI, France"]
[Date "2022.08.16"]
[Round "4.1"]
[White "Chamba, Antoine"]
[Black "Devallee, Jeremie"]
[Result "1-0"]
[WhiteElo "2117"]
[BlackElo "2186"]
[PlyCount "85"]
[EventDate "2022.??.??"]

1. Nf3 {3} g6 {122} 2. g3 {4} Bg7 {11} 3. c4 {6} e5 {65} 4. d3 {10} Ne7 {194}
5. Nc3 {16} O-O {64} 6. Bg2 {34} c6 {666} 7. Qc2 {364} d5 {288} 8. e3 {131} Na6
{629} 9. a3 {15} dxc4 {296} 10. dxc4 {8} Be6 {4} 11. b3 {200} e4 {287} 12. Ng5
{477} Qa5 {14} 13. Ngxe4 {445} f5 {47} 14. b4 {162} Nxb4 {73} 15. axb4 {5} Qxa1
{16} 16. O-O {9} fxe4 {153} 17. Bb2 {262} Qa6 {6} 18. b5 {368} cxb5 {13} 19.
cxb5 {37} Qb6 {124} 20. Qxe4 {100} Rae8 {208} 21. Rd1 {444} Bb3 {145} 22. Rd7 {
39} Qe6 {186} 23. Qxb7 {69} Rxf2 {27} 24. Kxf2 {110} Rf8+ {484} 25. Bf3 {297}
Rxf3+ {357} 26. Kxf3 {85} Qf5+ {5} 27. Ke2 {324} Qc2+ {190} 28. Rd2 {231} Bc4+
{2} 29. Ke1 {22} Bxc3 {3} 30. Qb8+ {257} Kg7 {35} 31. Qe5+ {2} Bxe5 {576} 32.
Bxe5+ {13} Kh6 {9} 33. Rxc2 {129} Bxb5 {16} 34. Bf4+ {40} g5 {221} 35. Bxg5+ {7
} Kxg5 {415} 36. Rc5+ {2} Kg4 {11} 37. Rxb5 {7} Kf3 {9} 38. Rb7 {61} Nd5 {27}
39. Rxa7 {34} Nxe3 {35} 40. Rxh7 {23} Kg2 {14} 41. Ke2 {28} Nf1 {336} 42. g4 {
25} Nxh2 {8} 43. Rxh2+ {3} 1-0